000 00764nam a2200217 4500
005 20240530110550.0
008 160702s2014 ua ||||g |||| 00| 0 ara d
017 _a2013/20482
_bمصر. دار الكتب المصرية
020 _a9772329397
040 _aEG-CaGPL
082 0 4 _a327.1/
_bا س
_221
100 0 _aالسيد امين شلبى
245 1 2 _aالسياسة الخارجية تبدأ من الداخل و فصول اخرى /
_cالسيد امين شلبى.
250 _aط. 1.
260 _aالقاهرة :
_bعالم الكتب،
_c2014.
300 _a155 ص. ؛
_c24 سم.
650 0 4 _aالسياسة الدولية
650 0 4 _aالعلاقات الخارجية
942 _2ddc
_cBK
999 _c62449
_d62449